Single Word Quiz Titles - Statistics

General Stats
  • This quiz has been taken 20 times
  • The average score is 3 of 22
Answer Stats
QUIZ % Correct
{Phobias}
33%
{Antonyms}
28%
{Analogies}
22%
{Viruses}
22%
{Coups}
17%
{Homophones}
17%
{Belts}
11%
{Birthstones}
11%
{Catfacts}
11%
{Fandoms}
11%
{Guerillas}
11%
{Invasions}
11%
{Sidekicks}
11%
{Onomatopoeia}
11%
{Peninsulas}
11%
{Archnemeses}
6%
{Colonies}
6%
{Nerdom}
6%
{Oxymorons}
6%
{Revolutions}
6%
{Superstitions}
6%
{Neologisms}
0%
No matching quizzes found
Score Distribution
Percent of People with Each Score
Percentile by Number Answered
Your Score History
You have not taken this quiz